Statistics for NBA players from Montenegro

Click here to take the quiz!

General Stats

  • This quiz has been taken 460 times
  • The average score is 3 of 9

Answer Stats

Years in the NBA NBA games NBA teams played for Answer % Correct
2014-2019319+40Bulls, Pelicans, BucksNikola Mirotić
87%
2011-present76ers, MagicNikola Vučević
70%
2010-2017271TimberwolvesNikola Peković
64%
2003-2013567+52Jazz, Cavaliers, Timberwolves, Mavericks, Hornets, Celtics, Trail BlazersAleksandar Pavlović
17%
20041Trail BlazersSlavko Vraneš
15%
1989-199028SpursŽarko Paspalj
13%
2001-2005278+3SuperSonics, Hawks, ClippersPredrag Drobnjak
12%
2003-2006150Suns, WarriorsŽarko Čabarkapa
12%
1999-2000,2004-200515Raptors, JazzAleksandar Radojević
3%

Score Distribution

Percentile by Number Answered

Percent of People with Each Score

Your Score History

You have not taken this quiz